| 000 | 00985nam a22003257a 4500 | ||
|---|---|---|---|
| 003 | CHAP | ||
| 005 | 20240517080936.0 | ||
| 008 | 050907d2004 mx a r 00110 spa d | ||
| 010 | _a90889 | ||
| 011 | _a91861 | ||
| 020 | _a9701044843 | ||
| 020 | _a0-07-245938-7 (CD) | ||
| 035 | _a102424 | ||
| 040 | _cCHAP | ||
| 082 | 0 | 4 |
_a660.28427 _bC4 |
| 100 | 0 | 0 |
_aCengel, Yunus A. _920958 |
| 245 | 1 | 0 |
_aTransferencia de calor _c/por Yunus A. Cengel |
| 260 |
_aMéxico : _bMcGraw-Hill, _c2004 |
||
| 300 |
_a793 p. : _bilus.; gráfs.; cuadros, + 1 disco compacto 4 3/4 plgs |
||
| 590 |
_aBATCH-UPD _b10 _c20130110 |
||
| 590 |
_aBATCH-UPD _b10 _c20130410 |
||
| 590 |
_aBATCH-UPD _b10 _c20130914 |
||
| 590 |
_aCONVERSION _b10 _c20130109 |
||
| 650 | 1 | 4 |
_aCalor _xTransmisión. _917579 |
| 650 | 1 | 4 |
_aEnergia, desarrollo de. _936878 |
| 901 | _aBK | ||
| 905 | _aElisama A. H. | ||
| 942 |
_cCD _2ddc |
||
| 949 |
_a660.28427 C4 _bBC _cLIBRO _d33724000958435 _eLIBRO _gI.c/e _h106681 _i102424 _so _t$369.00 |
||
| 999 |
_c90889 _d90889 |
||